00589 2200193 4500001002100000005001500021035002000036007000300056008003900059082001800098084002400116100001300140245010600153260004100259300004200300650001100342650002900353022001300382INLIS00000000000107620241024091721 a0010-1024000046ta241024 | | |  a636.089-636.2 a636.089-636.2 YAO i0 aYao Meng1 aImproving Known–Unknown Cattle’s Face Recognition for Smart Livestock Farm Management /cYao Meng aSwitzerland, Basel :bMDPI AG,c2023 a1-16 hlm, :bilus, ;c21 cm X 29,5 cm 4aJurnal 4aPencegahan Penyakit Sapi a20762615